| 000 | 00364nam a22001457a 4500 | ||
|---|---|---|---|
| 020 | _a978-81-226-1358-2 | ||
| 082 |
_a894.812.1 _bVYL/K |
||
| 100 | _aSREEDHARAMENON, VYLOPILLI | ||
| 245 | _aKADALKAAKKAKAL | ||
| 246 |
_aKADALKAAKKAKAL _bKADALKAAKKAKAL |
||
| 260 |
_aTHRISSUR _bCURRENT BOOKS _c2022 |
||
| 300 | _a93 | ||
| 650 |
_aMALAYALAM POEMS _zKERALA |
||
| 942 | _cBK | ||
| 999 |
_c7075 _d7075 |
||